000 00559nam a2200193Ia 4500
003 IN-BaIIA
008 211028s9999 xx 000 0 eng d
020 _a0-7153-7592-X
040 _cIIA Library
080 _a520.2(035)
_bROB
100 _aRobinson, Hedley J
_910921
245 0 _aUsing the telescope
_ba handbook for astronomers
_cHedley J. Robinson
260 _aLondon
_bDavid and Charles
_c1978
300 _a112p.
650 _aAstronomy and astrophysics thesaurus
650 _aOptical telescopes
_93706
650 _aTelescopes
_91997
942 _cBK
999 _c6366
_d6366